Entre actos /

Gespeichert in:
Bibliographische Detailangaben
1. Verfasser: Woolf, Virginia (autor)
Weitere Verfasser: Bosch, Andrés (traducción) (traducción)
Format: Buch
Sprache:Spanisch
Veröffentlicht: Barcelona, España : Lumen, 1979, c1979
Ausgabe:2a edición
Schriftenreihe:(Palabra en el Tiempo ; 121)
Schlagworte:
Tags: Tag hinzufügen
Keine Tags, Fügen Sie das erste Tag hinzu!

MARC

LEADER 00000nam^a2200000^a^4500
001 000561941
005 20250521000000.0
009 20260310131934.896
020 |a 84-264-1121-5 
037 |a Acervo ITESO - Biblioteca 
041 |a ESP 
082 |a 823.  |b WOO 
100 |a Woolf, Virginia  |e (autor) 
245 1 0 |a Entre actos /  |c V. Woolf ; pról. y tr. por A. Bosch. 
250 |a 2a edición 
264 4 |a Barcelona, España :  |b Lumen,  |c 1979, c1979 
300 |a 175 p. 
336 |a texto  |b txt  |2 rdacontenido 
337 |a sin mediación  |b n  |2 rdamedio 
338 |a volumen  |b nc  |2 rdasoporte 
440 1 |a (Palabra en el Tiempo ;  |v 121) 
500 |a Traducción de: Between the Acts 
545 0 |a Nacida en 1882 en Londres, la escritora Virginia Woolf fue uno de los miembros más importantes del llamado grupo de Bloomsbury, que dominó la vida intelectual inglesa en las tres primeras décadas del siglo XX. La autora inició la publicación de su obra con la novela Viaje de ida (1913) y comenzó el diario que fuera publicado parcialmente como Diario de una escritora (1953). Junto con su esposo Leonard Woolf fundó en 1917 la editorial Hogarth, que publicó casi todas las obras de la escritora y también textos de T.S. Eliot, Katherine Mansfield, James Joyce o Edward Morgan Forster. Luego de la aparición de la novela Noche y día (1920), Woolf publicaría ya con mayor regularidad sus demás obras: las novelas El cuarto de Jacob (1924), Mrs. Dalloway (1925), Al faro (1927), Orlando (1928), Las olas (1931), Los años (1932-1937) y Entre actos (1940-1941); el volumen de relatos Lunes o martes (1921); los ensayos Mr. Bennett y Mrs. Brown (1924), El lector común (divididos en dos series, de 1925 y 1932), Una habitación propia (1929) y Tres guineas (1938). Su obra en conjunto ha sido vista como una de las más importantes contribuciones a la renovación que la narrativa experimentó en la primera mitad del siglo XX y una de las más agudas indagaciones literarias jamás escritas acerca de la condición femenina. Víctima de frecuentes depresiones, Woolf se suicidó en 1941. 
649 |a XX 
650 |a Novela Inglesa 
650 |a Literatura Inglesa -  |y Siglo XX 
650 |a Literatura de Mujeres -  |z Inglaterra 
650 |a Literatura e Historia -  |z Inglaterra 
650 |a Bisexualidad en la Literatura 
650 |a Espacio y Tiempo en la Literatura 
650 |a Inglaterra en la Literatura 
700 |a Bosch, Andrés  |e (traducción) 
910 |a Fondo Castillo-Martínez 
920 |a Impresos - Libros 
930 |a Fondos Especiales 
940 |a Literatura 
905 |a 127 
901 |a 0500347964  |b IT2  |c ESP  |i D123828  |u 20250521 
902 |a https://opac.biblio.iteso.mx/vufind/Record/000561941